000 00246nam a2200097Ia 4500
001 1206833
005 20251017123517.0
008 250824s9999 xx 000 0 und d
245 0 _aSİNEKLİ BAKKAL
_cHALİDE EDİB ADIVAR
260 _bCAN YAYINLARI
999 _c1206833
_d1206833